00983nam a2200217Ia 4500003000900000008004100009020001800050040001600068080002500084111009900109245026100208260007200469300001400541490003700555650001400592650002800606650002700634700002400661700002500685710005500710IN-BaIIA211028s9999 xx 000 0 eng d a0-8194-5425-7 cIIA Library a535(082.1)bSPI-5493 aSociety of Photo-optical Instrumentation Engineers ConferencecUnited Kingdomd2004 June 24-25 0aOptimizing scientific return for astronomy through information technologiesbproceedings of SPIE conference held in Scotland, Glasgow, United Kingdom, 24-25 June 2004cedited by Peter J. Quinn and Alan Bridger  aWashingtonbThe International Society for Optical Engineeringc2004 axi, 596p. aSPIE proceedings series; v. 5493 aAstronomy aData processing systems aInformation technology aBridger, Alan., ed. aQuinn, Peter J., ed. aSociety of Photo-optical Instrumentation Engineers